000 00534nam a2200181Ia 4500
008 090123s9999 xx 000 0 und d
082 _b37065
100 _aजैन अशोक
245 _aरुपेरी पश्चिमा
250 _a0
260 _bअनघा प्रकाशन
_c2004
300 _a144
600 _aजैन अशोक
630 _aरुपेरी पश्चिमा
700 _aजैन अशोक
730 _aरुपेरी पश्चिमा
942 _cBOOK
999 _c75130
_d75130